000 00971nam a22002051i 4500
001 181164
003 ES-MaACL
005 20250808084752.0
008 121025e1912 sp |||| | spa d
100 1 _aCastejón y Martínez de Arizala, Federico.
_936466
245 1 0 _aEstudio de las nuevas direcciones del derecho civil en Italia /
_cpor Federico Castejón y Martínez de Arizala.
260 _a[Madrid :
_bJunta para Ampliación de Estudios e Investigaciones Científicas,
_c1912]
300 _aP. 89-344 ;
_c24 cm.
490 1 _aAnales de la Junta para Ampliación de Estudios e Investigaciones Científicas ;
_vt. 6, memoria 2
650 7 _aDerecho civil-
_zItalia
_2
_9151730
710 2 _aJunta para la Ampliación de Estudios e Investigaciones Científicas.
_95413
830 0 _aAnales de la Junta para Ampliación de Estudios e Investigaciones Científicas ;
_vt. 6, memoria 2
_9186710
852 _aES-MaACL
_jB-13162(2)
999 _c181164
_d181164